| 000 | 00568nam a2200205Ia 4500 | ||
|---|---|---|---|
| 005 | 20260429111849.0 | ||
| 008 | 260429s9999||||xx |||||||||||||| ||und|| | ||
| 020 | _a9788119662395 | ||
| 041 | _aEnglish | ||
| 082 |
_a541.33 _bKOT |
||
| 100 | _aKothiyal, N.C. | ||
| 245 | 0 |
_aSurface chemistry : _bapplications in science and engineering / _cN.C. Kothiyal |
|
| 260 |
_aNew Delhi : _bAne Books, _c2025. |
||
| 300 | _ax, 204 p.; hb | ||
| 650 | _a Surface chemistry | ||
| 650 | _aChemisty | ||
| 700 | _a Kaur, Gagandeep | ||
| 700 | _a Singh, Harleen | ||
| 942 | _cTB | ||
| 999 |
_c51190 _d51190 |
||